| 000 | 00602nam a2200229Ia 4500 | ||
|---|---|---|---|
| 005 | 20250425162125.0 | ||
| 008 | 250425s9999 xx 000 0 und d | ||
| 041 | _aspa | ||
| 082 | _a639.543 | ||
| 100 | _aALVAREZ GALVEZ, MARCO | ||
| 245 | 0 | _aMANUAL PARA LAS BUENAS PRACTICAS EN LABORATORIOS DE CAMARONES | |
| 250 | _a1A ED. | ||
| 260 |
_aEcuador _bESPOL. FIMCM _c2003 |
||
| 260 | _aGUAYAQUIL | ||
| 300 | _a85 | ||
| 650 | _aCAMARON DE MAR | ||
| 650 | _aCAMARON DE MAR | ||
| 650 | _aCAMARONES-CRIA Y DESARROLLO | ||
| 650 | _aCAMARONES-CRIA Y DESARROLLO | ||
| 942 | _c01 | ||
| 010 | _a51321 | ||
| 999 |
_c222795 _d222795 |
||